[Event "BEL-chT 0809"]
[Site "Belgium"]
[Date "2009.03.08"]
[Round "10"]
[White "Popovic, Petar"]
[Black "Chokouhian, Ahmad"]
[Result "1-0"]
[WhiteElo "2489"]
[BlackElo "1972"]
[PlyCount "53"]
[EventDate "2008.10.05"]
[EventType "team-tourn"]
[EventRounds "11"]
[EventCountry "BEL"]
[SourceTitle "EXT 2010"]
[Source "ChessBase"]
[SourceDate "2010.11.25"]
[SourceVersion "1"]
[SourceVersionDate "2010.11.25"]
[SourceQuality "1"]
[WhiteTeam "Wirtzfeld"]
[BlackTeam "Brussels"]
[WhiteTeamCountry "BEL"]
[BlackTeamCountry "BEL"]

1. e4 d5 2. exd5 Qxd5 3. Nc3 Qa5 4. d4 Nf6 5. Nf3 Bf5 6. Bd2 c6 7. Ne4 Qc7 8. Nxf6+ gxf6 9. g3 Nd7 10. Bg2 e5 11. 0-0 0-0-0 12. Re1 Bd6 13. c4 h5 14. c5 Be7 15. Qa4 Qb8 16. Ba5 Rdg8 17. Nh4 Be6 18. Bxc6 Rg4 19. Be4 Rxe4 20. Rxe4 Bd5 21. Nf5 Bf8 22. Rc1 Bc6 23. Qb3 Bxe4 24. Qxf7 b6 25. cxb6+ Bc5 26. Rxc5+ Nxc5 27. bxa7 1-0

[Event "BEL-chT 0809"]
[Site "Belgium"]
[Date "2009.02.15"]
[Round "9"]
[White "Nieto, Emanuel"]
[Black "Chokouhian, Ahmad"]
[Result "1-0"]
[WhiteElo "2238"]
[BlackElo "1972"]
[PlyCount "53"]
[EventDate "2008.10.05"]
[EventType "team-tourn"]
[EventRounds "11"]
[EventCountry "BEL"]
[SourceTitle "EXT 2010"]
[Source "ChessBase"]
[SourceDate "2010.11.25"]
[SourceVersion "1"]
[SourceVersionDate "2010.11.25"]
[SourceQuality "1"]
[WhiteTeam "Borgerhout"]
[BlackTeam "Brussels"]
[WhiteTeamCountry "BEL"]
[BlackTeamCountry "BEL"]

1. d4 e6 2. c4 c5 3. d5 exd5 4. cxd5 d6 5. Nc3 g6 6. e4 Bg7 7. Bf4 a6 8. a4 Ne7 9. Nf3 Bg4 10. Qb3 b6 11. Nd2 f5 12. h3 Bh5 13. Nc4 Nc8 14. exf5 gxf5 15. Be2 Bg6 16. 0-0 0-0 17. Rfe1 Ra7 18. Bf3 Rb7 19. Na5 Rd7 20. Nc6 Qc7 21. Qc4 a5 22. Re6 Bf7 23. Nb5 Qb7 24. Nxd6 Nxd6 25. Rxd6 Nxc6 26. dxc6 Rxd6 27. cxb7 1-0